书目信息 |
| 题名: |
电脑硬件故障完全解决方案
|
|
| 作者: | 孙锋 编著 | |
| 分册: | ||
| 出版信息: | 北京 机械工业出版社 2006.03 |
|
| 页数: | 325页 | |
| 开本: | 26cm | |
| 丛书名: | 完全解决方案丛书 | |
| 单 册: | ||
| 中图分类: | TP360.6 | |
| 科图分类: | ||
| 主题词: | 微型计算机--wei xing ji suan ji--硬件--故障排除 | |
| 电子资源: | ||
| ISBN: | 7-111-18648-6 | |
| 000 | 00947nam 2200241 450 | |
| 001 | 012006883327 | |
| 005 | 20060920111948.23 | |
| 010 | @a7-111-18648-6@dCNY29.00 | |
| 100 | @a20060625d2006 km y0chiy0120 ea | |
| 101 | 0 | @achi |
| 102 | @aCN@b110000 | |
| 105 | @aa z 000yy | |
| 200 | 1 | @a电脑硬件故障完全解决方案@Adian nao ying jian gu zhang wan quan jie jue fang an@f孙锋等编著@Fsun feng deng bian zhu |
| 210 | @a北京@c机械工业出版社@d2006.03 | |
| 215 | @a325页@c图@d26cm | |
| 225 | 2 | @a完全解决方案丛书@Awan quan jie jue fang an cong shu |
| 330 | @a本书系统详细地讲解了电脑在应用时出现的常见故障,通过 理论和大量的实例相结合,让读者更直接、更深刻地了解电脑故障产生的原因和排除方法, 从而达到排除电脑故障的目的。 | |
| 410 | 0 | @12001 @a完全解决方案丛书 |
| 606 | 0 | @a微型计算机@Awei xing ji suan ji@x硬件@x故障排除 |
| 690 | @aTP360.6@v4 | |
| 701 | 0 | @a孙锋@Asun feng@4编著 |
| 801 | 0 | @aCN@bQSSK@c20060920 |
| 905 | @a10447@dTP360.6@eS912 | |
| 电脑硬件故障完全解决方案/孙锋等编著.-北京:机械工业出版社,2006.03 |
| 325页:图;26cm.-(完全解决方案丛书) |
| ISBN 7-111-18648-6:CNY29.00 |
| 本书系统详细地讲解了电脑在应用时出现的常见故障,通过 理论和大量的实例相结合,让读者更直接、更深刻地了解电脑故障产生的原因和排除方法, 从而达到排除电脑故障的目的。 |
| ● |
| 相关链接 |
|
|
|
正题名:电脑硬件故障完全解决方案
索取号:TP360.6/S912
 
预约/预借
| 序号 | 登录号 | 条形码 | 馆藏地/架位号 | 状态 | 备注 |
| 1 | 591157 | 205911575 | 自科库301/301自科库 62排3列3层/ [索取号:TP360.6/S912] | 在馆 | |
| 2 | 591158 | 205911584 | 自科库301/301自科库 62排3列3层/ [索取号:TP360.6/S912] | 在馆 | |
| 3 | 591159 | 205911593 | 自科库301/ [索取号:TP360.6/S912] | 在馆 |